Література та культура Полісся. Регіональна історія та культура в українському та східноєвропейському контекті (Запис № 318334)

МАРК-запис
000 -Лідер
fixed length control field 00778nam a22002417a 4500
003 - Ідентифікатор контрольного номера
control field UA-OsUOA
001 - Контрольний номер
control field 31899
007 - Фіксоване поле фізичного опису
fixed length control field ta
008 - Елементи даних фіксованої довжини – загальна інформація
fixed length control field 20050114b un ||||| |||| 00| 0 ukr d
090 ## - Локальний шифр розміщення
Класифікаційний індекс УДК 821.161.2+94(477)
Авторський знак (НП) Л64
040 ## - Джерело каталогізації
Агенція оригінальної каталогізації UA-OsUOA
Мова каталогізації ukr
Агенція, яка здійснювала перезапис UA-OsUOA
Агенція, яка здійснювала модифікацію UA-OsUOA
041 ## - Код мови
Код мови тексту/ звукової доріжки чи окремого заголовка (П) ukr
080 ## - Індекс Універсальної десяткової класифікації
Індекс Універсальної десяткової класифікації (УДК) (НП) 821.161.2+94(477)
044 ## - Код країни видавця/ виробника
Код країни видавця/ виробника (П) UA
245 ## - Відомості про назву
Назва (НП) Література та культура Полісся. Регіональна історія та культура в українському та східноєвропейському контекті
Решта назви (НП) Збірник статей
260 ## - Публікація, розповсюдження і т.п. (Вихідні дані)
Місце публікації, розповсюдження і т.п. (П) Ніжин
Ім’я/ наймення видавництва, розповсюджувача і т.п. (П) НДПУ ім М. Гоголя
Дата публікації, розповсюдження і т.п. (П) 2004
246 31 - Інша форма назви
Назва (НП) Вип. 27
Номер частини/ розділ роботи (П)
300 ## - Фізичний опис
Обсяг 278 с.
650 #7 - Додаткове предметне введення – тематичний термін
Джерело заголовка чи терміна UDC
942 ## - Додаткові елементи входу (Коха)
Тип елемента Koha Книги
955 ## - Код типу видання за змістом
Код типу видання за змістом (НП) інше
Фонди
Стан вилучень Стан втрат Джерело класифікації або схеми стелажів Стан уражень Не для кредиту Постійне місце розташування Поточне розміщення Дата придбання Вартість, звичайна ціна покупки Інвентарний номер Усього замовленно Повний номер виклику Штрих-код Дата останнього перегляду Ціна ефективна від Тип елемента Koha
    Universal Decimal Classification     ЧЗ - Читальна зала ЧЗ - Читальна зала 14/01/2005 4.00 82612   821.161.2+94(477) Л64 82612 16/11/2021 14/01/2005 Книги